Get the Picture: George or Michael Quiz Stats

 Plays Quiz Updated Jul 9, 2019

Score 0/18 Timer 03:00
0 Plays Today
Question Answer Wrong Answers
___ Harrison (The Beatles) George
97.2%
Michael
1%
___ Phelps (Olympic swimmer) Michael
96.9%
George
1.1%
___ Lucas (Star Wars) George
96.9%
Michael
1.3%
___ Myers (Halloween) Michael
95.8%
George
2.4%
___ Moore (Fahrenheit 9/11) Michael
94.3%
George
3.9%
___ Jetson (Hanna-Barbera) George
93.5%
Michael
4.6%
___ Takei (Star Trek) George
92.3%
Michael
6%
___ Gershwin (Rhapsody in Blue) George
91.9%
Michael
6.4%
___ Corleone (The Godfather) Michael
90.2%
George
8.1%
___ Bailey (It's a Wonderful Life) George
89.5%
Michael
8.7%
___ Jefferson (The Jeffersons) George
89%
Michael
9.1%
___ Collins (Apollo 11) Michael
88.4%
George
9.6%
___ Scott (The Office (US)) Michael
87.2%
George
11%
___ Flatley (Riverdance) Michael
86.5%
George
11.6%
___ Lazenby (Bond) George
85.3%
Michael
12.8%
___ Hutchence (INXS) Michael
84.3%
George
14%
___ Milton (Of Mice and Men) George
84.2%
Michael
13.9%
___ Faraday (Electromagnetism) Michael
79.3%
George
19%

Today's Daily Dose

Missing Word
1940s A-Z

Quick Pick
'S' Athletes

Get the Picture
Depp or Bonham Carter

You're not logged in!

Compare scores with friends on all Sporcle quizzes.
OR
Log In

Sporcle TV

Today on Sporcle TV


Watch our educational content, quiz creation guides, and fun videos on Sporcle TV.

Show Comments

Extras

Top Quizzes Today


Score Distribution

Your Account Isn't Verified!

In order to create a playlist on Sporcle, you need to verify the email address you used during registration. Go to your Sporcle Settings to finish the process.

Report this User

Report this user for behavior that violates our Community Guidelines.

Details: